00318nam a2200121 a 4500008004100000020001500041050001500056100002100071245004500092250001200137260003800149350000900187120416s0000 ||||||||||||||||| || u a0748705317 aTL 250 Hil aHillier, V. A. W10aFundamentals of motor vehicle technology a4th ed. aCheltenhambStanley Thornesc1991 a0.00